| 000 | 00573cam a2200145 4500500 | ||
|---|---|---|---|
| 005 | 20260208010658.0 | ||
| 041 | _afre | ||
| 042 | _adc | ||
| 100 | 1 | 0 |
_aLorvellec, Yves _eauthor |
| 245 | 0 | 0 | _aGaëlle Jeanmart, Généalogie de la docilité, Paris, Vrin, 2007, Coll. « Philosophie de l’éducation », 271 P. |
| 260 | _c2009. | ||
| 500 | _a5 | ||
| 786 | 0 | _nRevue philosophique de la France et de l'étranger | 134 | 2 | 2009-05-22 | p. 237v-280v | 0035-3833 | |
| 856 | 4 | 1 | _uhttps://shs.cairn.info/revue-philosophique-2009-2-page-237v?lang=fr&redirect-ssocas=7080 |
| 999 |
_c1657659 _d1657659 |
||